| 000 | 00845nam a22002177a 4500 | ||
|---|---|---|---|
| 003 | JO-AjAnu | ||
| 005 | 20251012123930.0 | ||
| 008 | 251012b jo ||||| |||| 00| 0 ara d | ||
| 020 | _a9789922716428 | ||
| 040 |
_aJO-AjAnu _bara _cJO-AjAnu _dJO-AjAnu _erda |
||
| 041 |
_aara _hara |
||
| 050 |
_aGV716 _b2025 |
||
| 100 | 1 |
_aاللامي، حسين كريم حسون _eمؤلف _966785 |
|
| 245 | 0 |
_aالاستثمار والتسويق الرياضي / _cحسين كريم حسون اللامي |
|
| 250 | _aالاولى | ||
| 260 |
_aبغداد : _bمؤسسة الصادق الثقافية، _c2025 |
||
| 300 | _a205 صفحة | ||
| 504 | _aيحتوي علة مراجع باللغتين العربية والانجليزية | ||
| 650 | 7 | 0 |
_aالالعاب الرياضية-التربية البدنية-تسويق _966787 |
| 942 |
_2lcc _cBK _n0 |
||
| 999 |
_c34061 _d34061 |
||